<?xml version="1.0" encoding="UTF-8"?>
<record
    xmlns:xsi="http://www.w3.org/2001/XMLSchema-instance"
    xsi:schemaLocation="http://www.loc.gov/MARC21/slim http://www.loc.gov/standards/marcxml/schema/MARC21slim.xsd"
    xmlns="http://www.loc.gov/MARC21/slim">

  <leader>01167nam a2200325 a 4500</leader>
  <controlfield tag="005">20240805094416.0</controlfield>
  <controlfield tag="008">100623e2003||||sp a   f |||| 001 0 spa d</controlfield>
  <datafield tag="020" ind1=" " ind2=" ">
    <subfield code="a">8479035315</subfield>
  </datafield>
  <datafield tag="041" ind1=" " ind2=" ">
    <subfield code="a">spa</subfield>
  </datafield>
  <datafield tag="092" ind1=" " ind2=" ">
    <subfield code="c">611.022</subfield>
    <subfield code="l">69</subfield>
    <subfield code="s">PUT</subfield>
  </datafield>
  <datafield tag="100" ind1="1" ind2=" ">
    <subfield code="a">Putz, Reinhard V.</subfield>
    <subfield code="e">Ed.</subfield>
    <subfield code="9">1178</subfield>
  </datafield>
  <datafield tag="245" ind1=" " ind2=" ">
    <subfield code="a">Sobotta. Atlas de Anatom&#xED;a Humana.</subfield>
    <subfield code="b">T.1 Cabeza, Cuello y Miembro Superior /</subfield>
    <subfield code="c">Reinhard V. Putz</subfield>
  </datafield>
  <datafield tag="250" ind1=" " ind2=" ">
    <subfield code="a">21 a ed. 3a reimp. en espa&#xF1;ol </subfield>
    <subfield code="b">Traducci&#xF3;n Alfonso Llamas ; Jos&#xE9; Lu&#xED;s Velayos e Ignacio Navascu&#xE9;s. </subfield>
  </datafield>
  <datafield tag="260" ind1=" " ind2=" ">
    <subfield code="a">Madrid: </subfield>
    <subfield code="b">Editorial M&#xE9;dica Panamericana;</subfield>
    <subfield code="c">2003.</subfield>
  </datafield>
  <datafield tag="300" ind1=" " ind2=" ">
    <subfield code="a">428 p.</subfield>
    <subfield code="b">683 ilustraciones ; 76 cuadros</subfield>
  </datafield>
  <datafield tag="500" ind1=" " ind2=" ">
    <subfield code="a">Putz, R., Pabst, R. (Eds.) y Putz, R. (Col.). (2003). Sobotta. Atlas de anatom&#xED;a humana. T.1 Cabeza, Cuello y Miembro Superior. (21a ed.). Madrid : Editorial M&#xE9;dica Panamericana.</subfield>
  </datafield>
  <datafield tag="653" ind1=" " ind2=" ">
    <subfield code="a">Anatom&#xED;a general</subfield>
  </datafield>
  <datafield tag="653" ind1=" " ind2=" ">
    <subfield code="a">Cabeza y cuello</subfield>
  </datafield>
  <datafield tag="653" ind1=" " ind2=" ">
    <subfield code="a">Miembro superior</subfield>
  </datafield>
  <datafield tag="653" ind1=" " ind2=" ">
    <subfield code="a">Enc&#xE9;falo</subfield>
  </datafield>
  <datafield tag="653" ind1=" " ind2=" ">
    <subfield code="a">Ojo</subfield>
  </datafield>
  <datafield tag="653" ind1=" " ind2=" ">
    <subfield code="a">O&#xED;do</subfield>
  </datafield>
  <datafield tag="700" ind1="1" ind2=" ">
    <subfield code="a">Pabst, Reinhard.</subfield>
    <subfield code="e">Ed.</subfield>
    <subfield code="9">1179</subfield>
  </datafield>
  <datafield tag="700" ind1="1" ind2=" ">
    <subfield code="a">Putz, Renate.</subfield>
    <subfield code="e">Col.</subfield>
    <subfield code="9">4090</subfield>
  </datafield>
  <datafield tag="930" ind1=" " ind2=" ">
    <subfield code="a">579</subfield>
  </datafield>
  <datafield tag="930" ind1=" " ind2=" ">
    <subfield code="a">581</subfield>
  </datafield>
  <datafield tag="930" ind1=" " ind2=" ">
    <subfield code="a">1634</subfield>
  </datafield>
  <datafield tag="930" ind1=" " ind2=" ">
    <subfield code="a">580</subfield>
  </datafield>
  <datafield tag="942" ind1=" " ind2=" ">
    <subfield code="2">ddc</subfield>
    <subfield code="c">BK</subfield>
  </datafield>
  <datafield tag="999" ind1=" " ind2=" ">
    <subfield code="c">3189</subfield>
    <subfield code="d">3189</subfield>
  </datafield>
  <datafield tag="952" ind1=" " ind2=" ">
    <subfield code="0">0</subfield>
    <subfield code="1">0</subfield>
    <subfield code="2">ddc</subfield>
    <subfield code="4">0</subfield>
    <subfield code="7">0</subfield>
    <subfield code="a">BFM</subfield>
    <subfield code="b">BFM</subfield>
    <subfield code="c">CR</subfield>
    <subfield code="d">2024-08-05</subfield>
    <subfield code="e">Donaci&#xF3;n Tilleria, Rub&#xE9;n. Agosto 2024.</subfield>
    <subfield code="l">13</subfield>
    <subfield code="m">1</subfield>
    <subfield code="o">611.022 69 PUT </subfield>
    <subfield code="p">4892</subfield>
    <subfield code="r">2026-06-02</subfield>
    <subfield code="s">2026-05-22</subfield>
    <subfield code="t">Ej.5</subfield>
    <subfield code="w">2024-08-05</subfield>
    <subfield code="y">BK</subfield>
    <subfield code="z">Donaci&#xF3;n Tilleria, Rub&#xE9;n. Agosto 2024.</subfield>
    <subfield code="f"></subfield>
  </datafield>
</record>
